00205nam a2200085Ia 4500008004100000100002500041245002200066260002200088260000900110170620s9999 xx 000 0 und d aHurlock- Elizabeth B 0aChild Development bNew Delhi- T.M.H. c2008